000 02247cam a22004934i 4500
003 PE-LiUPU
005 20250731172742.0
008 150617s r 000 0 d
020 _a8425416418
035 _a(Sirsi) i9788425416415
040 _aPE-LiUPU
_bspa
_cPE-LiUPU
_erda
049 _aPRUA
082 0 4 _a241.225
_bS31
_221
100 1 _aSchnackenburg, Rudolf,
_eautor.
245 1 3 _aEl mensaje moral del nuevo testamento :
_bde Jesús a la iglesia primitiva /
_cRudolf Schnackenburg.
264 1 _aBarcelona :
_bEditorial Herder,
_c1989.
300 _a323 páginas ;
_c22 centímetros.
336 _atext
_2rdacontent
337 _aunmediated
_2rdamedia
338 _avolume
_2rdacarrier
490 0 _aBiblioteca Herder. Sección de Sagrada Escritura ;
_v185
504 _aIncluye bibliografía.
505 0 _aLas exigencias morales de Jesús -- La proclamación del reino de Dios por obra de Jesús y sus exigencias fundamentales -- La doctrina moral viejotestamentaria-judía y las exigencias morales de Jesús -- Las exigencias morales externas de Jesús: el sermón de la montaña -- Las enseñanzas de Jesús en el ámbito social -- La iglesia primitiva frente a las exigencias morales de Jesús -- La comunidad de discípulos en la nueva situación subsiguiente a la muerte y resurrección de Jesús -- La iglesia primitiva como administradora de la herencia de Jesús -- La iglesia primitiva y su vida en el mundo.
526 _aSEG42
526 _aSEG41
526 _aSEG40
526 _aSEG39
526 _aP94
526 _aP87
526 _aP86
526 _aP85
526 _aP77
526 _aP76
526 _aP35
630 _aBiblia
_pN.T.
_xCrítica e interpretación.
650 0 4 _aMoral cristiana.
_93843
910 _ajck
_bjvq
_cjck
_d20150616
942 _2ddc
_cBOOK
949 _a241.225 S31
_wDEWEY
_c1
_i30844
_lCCODEBUL1
_mBUL
_r0
_sY
_tBOOK
_u2015-6-17
_xTEOLOGIA
_PP35
_0COMPRA
_o.STAFF. Colección general
994 _aC0
_bPEPRU
596 _a1
999 _a241.225 S31
_wDEWEY
_c2199
_i30844
_f2021-11-11
_g5
_lCCODEBUL1
_mBUL
_r0
_sY
_tBOOK
_u2015-6-17
_xTEOLOGIA
_PP35
_0COMPRA
_o.STAFF. Colección general
_d2199
980 _81
_gALBERTO SANCHEZ Responsable de Automatización